AN Scrabble Words 8 And Under - Statistics

General Stats
  • This quiz has been taken 30 times
    18 since last reset
  • The average score is 84 of 313
Answer Stats
Answer % Correct
An
100%
And
100%
Anger
100%
Angry
100%
Ani
100%
Ant
100%
Ana
90%
Ane
90%
Anna
90%
Ante
90%
Anal
80%
Ancho
80%
Angel
80%
Anima
80%
Animal
80%
Ankle
80%
Annal
80%
Answer
80%
Any
80%
Anyhow
80%
Anally
70%
Anchor
70%
Angle
70%
Angler
70%
Anise
70%
Annual
70%
Annul
70%
Anoint
70%
Anon
70%
Anta
70%
Anus
70%
Anyon
70%
Anyone
70%
Analyze
60%
Anatto
60%
Andro
60%
Anear
60%
Anemone
60%
Anew
60%
Angelic
60%
Anime
60%
Annatto
60%
Annex
60%
Anode
60%
Answerer
60%
Antler
60%
Anyway
60%
Anywhere
60%
Analog
50%
Analyse
50%
Analysis
50%
Analyte
50%
Analytic
50%
Anarch
50%
Anarchy
50%
Anatomy
50%
Angrily
50%
Anil
50%
Animate
50%
Animater
50%
Animato
50%
Animator
50%
Animi
50%
Anneal
50%
Annotate
50%
Annoy
50%
Annually
50%
Anointer
50%
Anonym
50%
Anthem
50%
Anybody
50%
Anything
50%
Anaconda
40%
Analogy
40%
Analyser
40%
Anatomic
40%
Anchovy
40%
Ancient
40%
Androgen
40%
Android
40%
Angst
40%
Anile
40%
Animally
40%
Anion
40%
Announce
40%
Anole
40%
Anomaly
40%
Antenna
40%
Anthemic
40%
Anvil
40%
Anabolic
30%
Anagram
30%
Analogic
30%
Analyst
30%
Analyzer
30%
Anarchic
30%
Ancilla
30%
Anemia
30%
Anga
30%
Angina
30%
Anglo
30%
Angora
30%
Angstrom
30%
Angsty
30%
Angular
30%
Anilin
30%
Aniline
30%
Animus
30%
Aniseed
30%
Annexe
30%
Annoyer
30%
Anodise
30%
Anodize
30%
Anorexia
30%
Anorexic
30%
Another
30%
Ansa
30%
Anteater
30%
Anther
30%
Anthro
30%
Antlered
30%
Anuric
30%
Anytime
30%
Anabas
20%
Anabasis
20%
Anaerobe
20%
Analogue
20%
Anapest
20%
Ancestor
20%
Ancon
20%
Andante
20%
Anele
20%
Anemic
20%
Aneurism
20%
Aneurysm
20%
Angelica
20%
Angelus
20%
Anguine
20%
Angulate
20%
Anility
20%
Animism
20%
Animist
20%
Anisette
20%
Ankh
20%
Anklet
20%
Ankus
20%
Annealer
20%
Annuity
20%
Annular
20%
Annuli
20%
Annulus
20%
Anodal
20%
Anodic
20%
Anodiser
20%
Anodizer
20%
Anodyne
20%
Anomie
20%
Anomy
20%
Anorak
20%
Antacid
20%
Antecede
20%
Antedate
20%
Anthrax
20%
Antonym
20%
Antra
20%
Antre
20%
Antsy
20%
Anura
20%
Anural
20%
Anxiety
20%
Anxious
20%
Anymore
20%
Anyplace
20%
Anabaena
10%
Anabatic
10%
Anableps
10%
Anadem
10%
Anagoge
10%
Anagogy
10%
Analcime
10%
Analcite
10%
Analecta
10%
Analects
10%
Analemma
10%
Analgia
10%
Ananda
10%
Ananke
10%
Anapaest
10%
Anathema
10%
Ancestry
10%
Anchoret
10%
Anchusa
10%
Anchusin
10%
Anconal
10%
Ancone
10%
Anconeal
10%
Anconoid
10%
Ancress
10%
Andesite
10%
Andesyte
10%
Andiron
10%
Anecdote
10%
Anenst
10%
Anent
10%
Anergic
10%
Anergy
10%
Aneurin
10%
Angakok
10%
Angaria
10%
Angary
10%
Angerly
10%
Anginose
10%
Anginous
10%
Angioma
10%
Anglepod
10%
Anglice
10%
Angling
10%
Anguish
10%
Angulose
10%
Angulous
10%
Anhinga
10%
Animacy
10%
Anisic
10%
Ankush
10%
Ankylose
10%
Anlace
10%
Anlage
10%
Anlas
10%
Annalist
10%
Annelid
10%
Annona
10%
Annulate
10%
Annulet
10%
Anoa
10%
Anodally
10%
Anolyte
10%
Anomic
10%
Anoopsia
10%
Anopia
10%
Anopsia
10%
Anoretic
10%
Anorthic
10%
Anosmia
10%
Anosmic
10%
Anoxemia
10%
Anoxemic
10%
Anoxia
10%
Anoxic
10%
Ansate
10%
Ansated
10%
Antbear
10%
Antefix
10%
Antefixa
10%
Antelope
10%
Anterior
10%
Anthelia
10%
Anthelix
10%
Anthemia
10%
Antheral
10%
Antherid
10%
Anthill
10%
Antonymy
10%
Antral
10%
Antrum
10%
Anurous
10%
Anyways
10%
Anywise
10%
Anaemia
0%
Anaemic
0%
Anagen
0%
Anaglyph
0%
Anaphase
0%
Anaphor
0%
Anaphora
0%
Anasarca
0%
Anatase
0%
Anatoxin
0%
Anechoic
0%
Anemosis
0%
Anergia
0%
Aneroid
0%
Anestrus
0%
Anethol
0%
Anethole
0%
Anginal
0%
Anhedral
0%
Anionic
0%
Anisole
0%
Ankerite
0%
Annates
0%
Anorexy
0%
Anovular
0%
Ansatz
0%
Anserine
0%
Anserous
0%
Antalgic
0%
Antennal
0%
Antepast
0%
Anteroom
0%
Antetype
0%
Antevert
0%
Anthesis
0%
Anthodia
0%
Anthoid
0%
Antlike
0%
Antlion
0%
Antrorse
0%
Anuran
0%
Anuresis
0%
Anuretic
0%
Anuria
0%
Anviltop
0%
No matching quizzes found
Score Distribution
Percent of People with Each Score
Percentile by Number Answered
Your Score History
You have not taken this quiz since the last reset